Online Catalogue and eLibrary

Woman, Body, Desire in Post-Colonial India: (Record no. 1690)

MARC details
000 -LEADER
fixed length control field 00517nam a2200193Ia 4500
005 - DATE AND TIME OF LATEST TRANSACTION
control field 20250206040816.0
008 - FIXED-LENGTH DATA ELEMENTS--GENERAL INFORMATION
fixed length control field 240331s9999 xx 000 0 und d
020 ## - INTERNATIONAL STANDARD BOOK NUMBER
ISBN 0415921287
082 ## - DDC Classification
Item Number - Author Mark PUR
DDC Edition Number 2954
Class No. 305.4
100 ## - MAIN ENTRY--PERSONAL NAME
Personal name Puri, J
245 #0 - TITLE STATEMENT
Title Woman, Body, Desire in Post-Colonial India:
Remainder of title Narratives of Gender and Sexuality
260 ## - PUBLICATION, DISTRIBUTION, ETC.
Place of publication, distribution, etc. London;
-- New York
Name of publisher, distributor, etc. Routledge
Date of publication, distribution, etc. 1999
300 ## - PHYSICAL DESCRIPTION
Extent (e.g. Volumes, Pages etc.) xiv, 234 p.,
650 ## - SUBJECT ADDED ENTRY--TOPICAL TERM
Topical term or geographic name entry element Women
650 ## - SUBJECT ADDED ENTRY--TOPICAL TERM
Topical term or geographic name entry element Post-Colonialism
650 ## - SUBJECT ADDED ENTRY--TOPICAL TERM
Topical term or geographic name entry element Gender
650 ## - SUBJECT ADDED ENTRY--TOPICAL TERM
Topical term or geographic name entry element Sexuality
942 ## - Koha item type (Biblio)
Koha item type Books in Stacks (Lending)
Holdings
Lost status Damaged status Collection code Home library Current library Shelving location Date acquired Full call number Accession Number Item type
    Lending WERC Library WERC Library Social Science Cupboard 03/31/2024 305.4 PUR 2954 Books in Stacks (Lending)

© WERC Library